[Event "FIDE Candidates Chess Tournaments 2024"]
[Site "Chess.com"]
[Date "2024.04.21"]
[Round "14"]
[White "Caruana, Fabiano"]
[Black "Nepomniachtchi, Ian"]
[Result "1/2-1/2"]
[WhiteElo "2803"]
[BlackElo "2758"]
[Annotator "GM Rafael Leitão"]
[PlyCount "217"]
[EventDate "2024.??.??"]
[TimeControl "40/7200:1800+30"]

1. d4 Nf6 2. c4 e6 3. Nc3 d5 4. cxd5 exd5 5. Bg5 Bb4 {Ambos os jogadores precisavam vencer, então esta é uma abertura adequada: chances para ambos os lados em uma batalha estratégica difícil.} 6. e3 h6 7. Bh4 g5 8. Bg3 Ne4 9. Qc2 h5 10. f3 Nxg3 11. hxg3 Be6 {Este é um lance raro, mas foi jogado pelo campeão do Torneio de Candidatos.} (11... Qe7 {é mais popular.}) 12. Bd3 (12. O-O-O Nd7 13. a3 Bd6 14. e4 {levou a uma vantagem para as Brancas em Giri-Gukesh, Aimchess Rapid 2022.}) ({RR} 12. f4 g4 13. f5 Bd7 14. Nge2 Qg5 15. Nf4 Nc6 16. Bd3 Ne7 17. Kf2 Bxc3 18. Qxc3 c6 19. e4 dxe4 20. d5 O-O-O 21. Bxe4 h4 22. Kg1 Rh6 23. f6 Rxf6 24. Rf1 h3 25. Rf2 Rh6 26. gxh3 gxh3 {Carow,J (2469)-Lohia,S (2410) Wijk aan Zee NED 2026 0-1 (63)}) 12... c6 {Este provavelmente não é o lance mais preciso.} (12... Nd7 {é melhor, mantendo a opção de jogar c7-c5.} 13. a3 Bd6 {com jogo de mão dupla.}) 13. O-O-O (13. a3 $1 {[%c_effect a3; square;a3;type;GreatFind;persistent;true] é um lance novo, e é melhor para lutar pela vantagem.} Bxc3+ (13... Bd6 14. f4 $1 {[%c_effect f4;square;f4;type; GreatFind;persistent;true] Uma ideia semelhante à jogada na partida, mas aqui o cavalo não chega a tempo para ir para f6.}) 14. Qxc3 {com alguma pressão para as Brancas.}) 13... Nd7 14. f4 $5 {O primeiro novo lance da partida e um que coloca problemas práticos para as Negras.} (14. Nge2) ({RR} 14. Nge2 Nb6 15. Kb1 Qe7 16. g4 h4 17. Na4 Nxa4 18. Qxa4 a5 19. e4 dxe4 20. Bxe4 Kf8 21. a3 Bd6 22. Qc2 a4 23. d5 cxd5 24. Bxd5 Be5 25. Bxe6 Qxe6 26. Nd4 Bxd4 27. Rxd4 Kg7 28. Qd2 Qg6+ {Mamedyarov,S (2772)-Motylev,A (2640) Moscow 2019 1-0 (40)}) 14... Bg4 $146 {As Brancas estavam ameaçando f4-f5, prendendo o bispo.} (14... Nf6 15. Nf3 {parece melhor para as Negras, embora o computador ainda avalie como igualdade.}) (14... Nb6 15. Nf3) (14... Bxc3 15. Qxc3 gxf4 16. gxf4 Bg4 17. Nf3 Qe7 {com igualdade.}) ({RR} 14... Nb6 15. f5 Bd7 16. e4 Bxc3 17. Qxc3 dxe4 18. Bxe4 Qf6 19. Nf3 O-O-O 20. Ne5 Kb8 21. Qb3 Be8 22. a4 Ka8 23. a5 Nd5 24. Kb1 Qd6 25. Rhe1 f6 26. Nc4 Qb4 27. Qxb4 Nxb4 28. Bc2 Bf7 29. Ne3 {Terron Elena,F (2122)-Karttunen,M (2490) chess.com INT 2025 0-1 (45)}) 15. Nf3 (15. Be2 {é interessante, já que a troca de bispos destaca as claras claras fracas no campo das Negras.}) 15... Qe7 $6 (15... gxf4 $1 {é melhor:} 16. gxf4 (16. exf4 Bxf3 17. gxf3 Qf6 {As Negras estão bem. O xeque em e1 não é perigoso.}) 16... Qe7 17. Kb1 Bxc3 18. Qxc3 O-O-O {com uma boa posição.}) 16. e4 $1 {As Negras irão se arrepender de não ter trocado os peões em f4.} Bxc3 $2 {As Brancas obtêm uma vantagem séria após este lance.} (16... dxe4 17. Bxe4 gxf4 {é melhor, mas é assustador devido a uma possível cravada na coluna e.}) 17. Qxc3 Bxf3 18. gxf3 dxe4 19. Bxe4 gxf4 20. g4 $1 {Este é um lance difícil e brilhante.} (20. d5 {é natural, mas as Negras escapam após} Qc5 21. dxc6 Qxc3+ 22. bxc3 bxc6 23. Bxc6 O-O-O $1) (20. Rde1 {também é tentador, mas o rei não está em perigo após} O-O-O 21. Bxc6 Qd6 22. Bxd7+ Kxd7) 20... O-O-O {Um lance natural, e durante a partida pensei que Nepomniachtchi o jogaria.} (20... h4 $1 {é o melhor:} 21. Kb1 $1 {Um importante lance profilático para evitar Dc5 e a troca de damas.} (21. d5 Qc5 $1) (21. Rhe1 O-O-O $1 22. Bxc6 Qd6 (22... Qf6 23. Bxd7+ Kb8 $3 {Um lance incrível, preparando Tc8.} (23... Kxd7 {é errado; agora o rei está em apuros.} 24. Kb1)) 23. Bxd7+ Kb8 $3 {Não sei se é possível encontrar tal movimento durante a partida. A ideia é jogar Tc8, prendendo a dama, ou simplesmente capturar o bispo com o rei em segurança. Em qualquer caso, capturar em d7 também é possível.} (23... Kxd7 24. Kb1 {com a iniciativa para as Brancas.})) 21... O-O-O 22. d5 {A posição continua muito perigosa para as Negras.}) 21. d5 $1 {Outro lance difícil. Capturar em h5 é pior.} (21. gxh5 Nf6 $1 {com igualdade.}) (21. Rxh5 Rxh5 22. gxh5 Nf6) 21... h4 (21... Nf6 $2 {perde para} 22. d6 $1 Nxe4 (22... Rxd6 23. g5 $18 {ganha material.}) 23. Qxh8 $1 {O bom e velho tema tático \"desperado\" decide a partida.}) (21... Kb8 22. dxc6 {também é muito melhor para as Brancas.}) 22. dxc6 Nc5 {As Brancas têm muitas opções tentadoras agora.} 23. Bf5+ {Uma boa escolha.} (23. Rde1 {é uma boa opção.} Qd6 24. cxb7+ Kb8 {com uma posição melhor para as Brancas, mas ainda não ganha.}) (23. cxb7+ Kb8 24. Bd5 $1 {também é muito tentador.}) 23... Kb8 24. Kb1 $1 {Outro lance preciso. O jogo de Caruana na primeira parte da partida é fantástico.} (24. Rhe1 {não é tão convincente após} Rxd1+ 25. Kxd1 Rd8+ 26. Kc2 Qd6) 24... b6 $6 {Está claro que isso não pode funcionar, mas Nepomniachtchi provavelmente já estava desgostoso com sua posição.} (24... Rxd1+ 25. Rxd1 Re8 {Esta é a defesa mais teimosa, mas a posição é muito feia.}) (24... bxc6 25. Qb4+ Ka8 26. Rc1 $1 Rd5 27. Be4 {ganha imediatamente.}) 25. Rd7 $5 {Existem outros lances vencedores.} (25. b4 {não é bom, devido a} Na4 $1 26. Qb3 b5) (25. Bd7 {é avassalador: as Brancas podem atacar o peão de f4, jogar b4 em algum momento, ou simplesmente trazer a torre para e1.}) (25. Rhe1 {também é bom.}) 25... Rxd7 {Forçado.} (25... Nxd7 26. c7+ Kb7 (26... Kc8 27. cxd8=Q+ Kxd8 28. Qxh8+) 27. cxd8=Q Rxd8 28. Be4+ Kb8 29. Qc6 {com ameaças decisivas de mate.}) 26. cxd7 Rd8 27. Qd4 (27. Rd1 Nxd7 28. Qd4 {também está ganho para as Brancas.}) 27... Nxd7 28. Rd1 Qc5 (28... Kc7 {não é o suficiente:} 29. Qxf4+ Ne5 30. Re1 Rd5 31. Qa4 {Ameaçando o peão de a7 e também f3-f4.} Ra5 32. Rc1+ {com um ataque vencedor.}) 29. Qxf4+ Qc7 30. Qd2 h3 31. Be4 $1 (31. Bxd7 $6 h2 {dá chances de empate para as Negras.}) 31... a5 32. Qd5 Ka7 33. Qxf7 {Com um jogo soberbo, Caruana alcançou uma posição ganha. Neste ponto, ninguém tinha dúvidas de que ele venceria esta partida, mas muitas aventuras ainda estavam por vir.} h2 34. Qh7 Kb8 35. a3 {Um lance bom e prático, dando um pouco de ar ao rei.} Qe5 36. Qh6 Qc7 37. g5 Rg8 38. Rh1 Nc5 39. Bh7 $6 {É difícil entender este lance, mas não podemos esquecer que os nervos terão um grande papel no restante da partida.} (39. Bc2 {está completamente ganho.}) 39... Rxg5 $1 {Nepomniachtchi é rápido em identificar recursos defensivos.} 40. Qxg5 Qxh7+ {O apuro de tempo chegou ao fim. Mesmo com tempo no relógio, no entanto, Caruana comete um grande erro de cálculo.} 41. Ka1 $4 {Isso deixa a vitória escapar.} (41. Ka2 $1 Qf7+ 42. Ka1 {Essa pequena triangulação termina os xeques após} Nb3+ 43. Kb1 Qh7+ 44. Ka2) 41... Qc2 $1 {Isso provavelmente passou despercebido por Caruana. O cavalo está vindo para b3 com xeque, e surpreendentemente agora é um empate.} 42. Qg8+ Ka7 43. Ka2 a4 $1 {Corrigindo a estrutura de peões e dando suporte para o cavalo na casa b3. Mas as coisas ainda não são simples.} 44. f4 Nb3 $2 {Isso permite uma vantagem decisiva para as Brancas novamente.} (44... Nd3 $2 {também perde após} 45. Qg7+ Ka6 46. Qc3) (44... Ka6 $1 {É importante remover o rei da sétima fileira para que as Brancas não possam dar um xeque e retornar com a dama.} 45. f5 Nd3 $1 {Os xeques da dama não são tão úteis agora: a posição está empatada.}) 45. Qg7+ $1 Ka6 46. Qc3 {A dama está de volta à defesa.} Qg2 47. Qc4+ (47. Qd3+ $1 {é ainda melhor:} Ka5 48. Qf1 Qd5 49. Qe1+ Nd2+ 50. Ka1 Qg2 51. f5 $1 Ka6 52. f6 {com uma posição ganha.}) 47... Kb7 48. Re1 $1 {A torre junta-se ao ataque.} Nc5 49. Qf1 $1 {Caruana está novamente jogando muito bem.} Qd5+ 50. Kb1 Qf5+ 51. Ka1 Qc2 (51... Nb3+ 52. Ka2 Qf7 53. Qg2+ Ka7 54. Rh1 $1 {captura o peão em h2.} (54. Qxh2 $2 Nd2+ 55. Ka1 Nf3)) 52. f5 Nd3 53. Rb1 Nc5 54. f6 Nb3+ 55. Ka2 Nd2 56. Qh1+ Ka7 57. Rc1 Qb3+ 58. Ka1 Qe6 59. Rc7+ $2 {Caruana é atraído por este xeque quase irresistível, mas as Negras têm um empate surpreendente depois dele. Tanto 59.Td1 quanto 59. Te1 ganham facilmente.} (59. Rd1 Nb3+ 60. Kb1 Qf5+ 61. Ka2 Qxf6 62. Qxh2 {com uma vitória fácil.}) (59. Re1 {é similar:} Nb3+ 60. Kb1 Qf5+ 61. Ka2) 59... Ka6 60. f7 Nb3+ 61. Kb1 Qf5+ $2 (61... Nd2+ $1 {leva a um empate:} 62. Kc2 Qg6+ $1 63. Kxd2 Qd6+ {É incrível: as Brancas simplesmente não conseguem escapar do xeque perpétuo.} 64. Ke2 Qe6+ 65. Kf2 Qf6+ 66. Kg3 Qg5+ 67. Kxh2 Qh4+ 68. Kg2 Qe4+ 69. Kg1 Qe1+ 70. Kh2 Qh4+ 71. Kg2 Qe4+ {com um empate. Uma posição maravilhosa.}) 62. Ka2 Nc5 63. Qa8+ Kb5 64. Qc6+ (64. Qe8+ $1 {é o lance correto para vencer:} Ka5 (64... Ka6 65. Qe2+) 65. Qe1+ Ka6 66. Qe2+ {pegando o peão em h2.}) 64... Ka6 65. Qa8+ Kb5 66. Qc6+ $4 {É a última chance de jogar o xeque certo em e8.} (66. Qe8+ $1) 66... Ka6 67. Re7 Qf1 $1 {As Negras têm atividade suficiente para escapar. Caruana ainda consegue encontrar uma maneira de chegar ao final com um peão a mais, mas é tarde demais para vencer a partida.} 68. Qa8+ Kb5 69. Qe8+ Ka6 70. Qa8+ Kb5 71. Qe8+ Ka6 72. Re4 $1 {A última chance.} Nxe4 (72... h1=Q $4 73. Qa8+ Kb5 74. Rb4#) 73. Qxa4+ Kb7 74. Qxe4+ Ka7 75. Qa4+ Kb7 76. Qd7+ Ka6 77. Qc8+ Ka7 78. f8=Q Qxf8 79. Qxf8 h1=Q {A partida finalmente entra em um final técnico com um peão a mais para as Brancas, mas não há chances reais de vitória e o resultado nunca está em dúvida.} 80. a4 Qd5+ 81. Ka3 Qd3+ 82. b3 Qd4 83. Qf7+ Kb8 84. Qe8+ Ka7 85. Qe7+ Kb8 86. Qe1 Qd6+ 87. Qb4 Qf6 88. Qd2 Qe7+ 89. b4 Qe6 90. Qd3 Ka7 91. Qc3 Kb8 92. Qb3 Qf6 93. Qe3 Qd6 94. Kb3 Qd5+ 95. Kb2 Qd6 96. Qe8+ Ka7 97. Qf7+ Kb8 98. Kc3 Qe5+ 99. Kd3 Qd6+ 100. Kc4 Qc6+ 101. Kb3 Qd6 102. Qf3 Qd4 103. Qe2 Qd5+ 104. Ka3 Qd6 105. Qb5 Qd4 106. Kb3 Ka7 107. Qe2 Qd5+ 108. Ka3 Qd4 109. Kb3 {Esta foi uma das partidas mais dramáticas que já assisti. Mesmo sendo um fã neutro, meu coração acelerou em vários momentos. Imagino como se sentiram os jogadores, principalmente Caruana, que lutava pelo desempate e também Gukesh, que aguardava ansiosamente o resultado para saber se seria o vencedor. Parabéns ao Caruana e Nepomniachtchi por esta luta feroz e também ao Gukesh, o merecedor campeão do torneio.} 1/2-1/2

[Event "World Cup"]
[Site "Reykjavik"]
[Date "1991.??.??"]
[Round "7"]
[White "Seirawan, Yasser"]
[Black "Speelman, Jonathan S"]
[Result "1/2-1/2"]
[WhiteElo "2615"]
[BlackElo "2630"]
[Annotator "Speelman,Jonathan S"]
[PlyCount "123"]
[EventDate "1991.09.??"]
[EventType "tourn"]
[EventRounds "15"]
[EventCountry "ISL"]
[EventCategory "16"]
[SourceTitle "CBM 026"]
[Source "ChessBase"]
[SourceDate "1992.02.01"]
[SourceVersion "1"]
[SourceVersionDate "1992.02.01"]
[SourceQuality "1"]

1. d4 Nf6 2. c4 e6 3. Nf3 d5 4. Nc3 Nbd7 5. cxd5 exd5 6. Bf4 c6 7. h3 Ne4 $5 8. Nxe4 dxe4 9. Nd2 Nf6 10. e3 Nd5 11. Be5 ({RR} 11. Bh2 Bf5 12. a3 Bd6 13. Bxd6 Qxd6 14. g4 Bg6 {½-½ (14) Speelman,J (2504)-Lupulescu,C (2620) England 2022}) 11... Bf5 $4 (11... Bb4 $1 $14) ({RR} 11... f6 12. Bg3 f5 13. a3 Bd6 14. Bxd6 Qxd6 15. Nc4 Qf6 16. Ne5 O-O 17. Bc4 f4 18. Bxd5+ cxd5 19. Qb3 Be6 20. exf4 Qxf4 21. O-O Rac8 22. Rae1 b6 23. Re2 {½-½ (23) Ozenir,E (2433)-Stremavicius,T (2552) New York USA 2026}) 12. a3 $146 (12. g4 Bg6 13. a3 h5 $5 14. Bg2 hxg4 15. Qxg4 $1 Rh4 $2 16. Qg3 $1 $16) ({RR} 12. Qb3 Qd7 13. a3 f6 14. Bg3 Be7 15. f3 Qe6 16. Bf2 O-O-O 17. g4 Bg6 18. f4 f5 19. Nc4 Kb8 20. Rc1 Ka8 21. Rg1 Rhg8 22. Ne5 Bf6 23. Nc4 Rge8 24. Be2 Rc8 25. Na5 Qd7 26. Qc2 Bxd4 {Xiu,D (2556)-Shankland,S (2599) Ningbo 2013 0-1 (37)}) ({RR} 12. Bc4 Bb4 13. O-O O-O 14. Bb3 Qg5 15. Kh1 Rad8 16. Nc4 Rfe8 17. Bh2 f6 18. Qe2 Kh8 19. a3 Bf8 20. Na5 Re7 21. Bc2 Bg6 22. Nc4 Ree8 23. b4 Bf7 24. Na5 Rd7 25. Rac1 a6 26. Bb1 Bh5 {Urazayev,A (2460)-Sarana,A (2685) chess.com INT 2023 0-1 (37)}) 12... h5 $8 (12... f6 13. Bh2 Bd6 14. Bxd6 Qxd6 15. Qc2 Qe7 16. g4 Bg6 17. Bg2 O-O-O 18. Bxe4 Nxe3 19. fxe3 Rhe8 20. Bf5+ $1 $18) (12... Bd6 13. g4 $5 (13. Bxd6 Qxd6 14. Qc2 Qe7 15. g4 Bg6 16. Bg2 O-O 17. Bxe4 Nxe3 $5 18. fxe3 Rfe8 (18... Rae8 $5 19. Bxg6 Qxe3+ 20. Kd1 fxg6) 19. Bxg6 Qxe3+ 20. Kd1 hxg6 21. Qc3 Rad8 $16) 13... Bg6 (13... Bxe5 14. gxf5 $16) 14. Bxg7) 13. Qc2 Qg5 (13... Qe7 $5) 14. O-O-O (14. Ba6 $6 Qe7 $1) 14... Qg6 15. Rg1 f6 $8 16. Bh2 Rd8 $1 $16 17. Be2 h4 18. g4 $5 hxg3 19. Bxg3 Qh6 $1 20. Qb3 (20. Nxe4 $2 Nxe3 $1) 20... Rd7 21. Bg4 Bxg4 22. hxg4 Qg6 23. g5 $1 Qxg5 $8 24. Nxe4 Qf5 25. Qc2 (25. Nd2 $5 Qe6) 25... Kd8 $8 26. Rh1 Rg8 $1 27. Rh2 (27. Kb1 $2 Bxa3 $1) 27... Re7 28. Nc5 Qxc2+ 29. Kxc2 b6 30. Nd3 (30. e4 $2 Nc7 31. d5 cxd5 32. exd5 Re2+ $1) 30... Kd7 31. Re1 Re8 (31... Re4 $5 32. Kd2 Bd6) 32. e4 Nc7 33. Bxc7 $1 Kxc7 34. Rh7 $16 Rd8 $2 (34... c5 $5 35. d5 Bd6) 35. Nf4 $1 Rd7 36. Reh1 (36. Nh5 $1 {Seirawan}) 36... g5 $138 37. Ne6+ Kd6 38. Rxd7+ Kxd7 39. Nxf8+ Rxf8 40. Rh7+ Ke6 41. Rxa7 f5 $1 42. f3 (42. e5 c5 43. dxc5 bxc5 44. Rc7 Kxe5 45. Rxc5+ Ke4 46. Rc3 g4 $44) 42... fxe4 43. fxe4 Rg8 $1 $10 44. Rc7 Kd6 45. Rh7 g4 46. Rh6+ Kd7 47. Rh7+ Kd6 48. Rh6+ Kd7 49. Kd3 (49. Rh2 g3 50. Rg2 c5 $10 51. Kd3) 49... g3 50. Rh7+ Kd6 51. Rh6+ Kd7 52. Rh1 g2 53. Rg1 c5 54. b4 Rg3+ 55. Kc4 cxd4 56. Kxd4 Ke6 57. a4 Kd6 58. Kc4 Ke5 59. Kb5 Rg6 60. a5 bxa5 61. bxa5 Kxe4 62. a6 1/2-1/2

[Event "Olympiad-31"]
[Site "Moscow"]
[Date "1994.12.05"]
[Round "5.1"]
[White "Ivanchuk, Vassily"]
[Black "Vaganian, Rafael A"]
[Result "1-0"]
[WhiteElo "2695"]
[BlackElo "2645"]
[Annotator "Shipov,Sergei"]
[PlyCount "81"]
[EventDate "1994.12.01"]
[EventType "team-swiss"]
[EventRounds "14"]
[EventCountry "RUS"]
[SourceTitle "CBM 045"]
[Source "ChessBase"]
[SourceDate "1995.04.01"]
[SourceVersion "1"]
[SourceVersionDate "1995.04.01"]
[SourceQuality "1"]
[WhiteTeam "Ukraine"]
[BlackTeam "Armenia"]
[WhiteTeamCountry "UKR"]
[BlackTeamCountry "ARM"]

1. c4 e6 2. Nc3 d5 3. d4 Be7 4. cxd5 exd5 5. Bf4 c6 6. e3 Nf6 (6... Bf5) 7. Bd3 Nbd7 8. h3 $1 (8. Nf3 Nh5 $10) 8... O-O 9. Qc2 Re8 10. Nf3 Nf8 11. Rb1 (11. g4 Bd6 (11... Qa5 12. Kf1 Be6 13. Kg2 Rac8 14. a3 Qd8 15. Qb3 Qb6 16. Qd1 Qd8 17. Bg3 $14 {Sakaev,K-Kharitonov,A/Helsinki/1992/}) (11... Be6 12. Ng5 c5 13. Be5 h6 14. Nf3 N6d7 $132 {Timman,J-Huebner,R/Wijk aan Zee/1982/}) 12. Bxd6 Qxd6 13. g5 Nh5 14. O-O-O g6 15. Ne5 Ne6 16. h4 $16 {Bareev,E-Andersson,U/Biel/1991/}) (11. O-O-O Be6 12. Kb1 a5 13. Ng5 b5 14. Be5 h6 15. Nxe6 Nxe6 16. g4 a4 17. Bf5 $14 {Korchnoi,V-Elson,J/Biel/1984/}) (11. Ne5 Be6 12. O-O N6d7 13. Nf3 Rc8 14. Rab1 c5 15. dxc5 Nxc5 16. Rfd1 Qb6 17. Be5 $14 {Goldin,A-Relange,E/1994/}) 11... Ng6 12. Bh2 Bd6 (12... a5 13. a3) 13. Bxd6 Qxd6 14. O-O Bd7 (14... Qe7 $5) 15. b4 $14 Rac8 ({RR} 15... b6 16. Rfc1 Re7 17. Bf5 Bxf5 18. Qxf5 h6 19. a4 Ne4 20. Nxe4 Rxe4 21. Rc3 Rae8 22. Nd2 R4e6 23. g3 Ne7 24. Qf4 Qd7 25. b5 h5 26. Qf3 h4 27. g4 f5 28. gxf5 Rf6 29. bxc6 Nxc6 30. Rbc1 {Ivanchuk,V (2740)-Andersson,U (2655) Monte Carlo 1997 1-0 (36)}) 16. Rfc1 Qe7 (16... a6 $5) ({RR} 16... b6 17. a4 Qe7 18. a5 b5 19. Bf5 Bxf5 20. Qxf5 Qe6 21. Qxe6 fxe6 22. Rc2 Nd7 23. Rbc1 a6 24. Ne2 Nb8 25. Ne5 Nxe5 26. dxe5 Rc7 27. Nd4 Rec8 28. Nxe6 Re7 29. Nd4 Rxe5 30. Nxc6 Nxc6 31. Rxc6 {Karthik,V (2595)-Habibifard,P (2186) Muscat OMA 2026 1-0 (53)}) 17. b5 c5 $146 ({RR} 17... cxb5 18. Bxb5 Bxb5 19. Rxb5 Rc7 20. Qb2 Rec8 21. Ne2 b6 22. a4 Rxc1+ 23. Nxc1 Ne4 24. Ne2 Nh4 25. Rxd5 Nxf3+ 26. gxf3 Ng5 27. Kg2 Qf6 28. Nf4 Ne6 29. Qb5 Nxf4+ 30. exf4 h6 31. Qd7 Rc4 32. a5 {Herraiz Hidalgo,H (2478)-Gomez Esteban,J (2471) Lorca 2005 ½-½ (35)}) ({RR} 17... cxb5 18. Bxb5 Bxb5 19. Rxb5 Ne4 20. Qb2 Nd6 21. Nxd5 Rxc1+ 22. Qxc1 Qe6 23. Rc5 Rd8 24. Nc3 h6 25. Qa3 a6 26. Qa5 Qe8 27. Qb6 Kh7 28. Rd5 Rc8 29. Rxd6 Rxc3 30. Qxb7 Rc1+ 31. Kh2 Rc2 32. Rd7 {Carlsen,M (2872)-Mamedyarov,S (2772) Moscow 2019 1-0 (33)}) 18. Qa4 a6 (18... c4 $2 19. Bxg6 hxg6 20. Qxa7) 19. dxc5 Rxc5 20. Qd4 $1 axb5 21. Nxb5 Rxc1+ (21... b6 $2 22. Nc3 $1 $16) 22. Rxc1 Rc8 23. Rxc8+ Bxc8 24. Qb6 Ne8 25. a4 (25. Bxg6 $32 hxg6 26. Nfd4 $14) 25... Nf8 26. Nc3 Be6 (26... Qa3 $2 27. Nxd5 Qxd3 28. Ne7+ Kh8 29. Nxc8 $16) 27. Nd4 Qc7 (27... Qa3 $5 28. Qb3 Qxb3) 28. Qb4 Nd6 29. a5 $1 Nd7 30. Na4 Ne5 31. Be2 Nec4 (31... Nc6 32. Qc5 $1) 32. Nb6 g6 (32... Nxb6 33. axb6 (33. Qxb6 $2 Qxb6 34. axb6 Nc8 35. Ba6 Nxb6 $10)) 33. Qc3 Qe7 34. Qb4 Kf8 $2 (34... Qc7 $1 $14) 35. Bd3 Nxb6 (35... Qc7 $2 36. Bxc4 dxc4 37. Nxe6+ fxe6 38. Nxc4 $1) 36. Qxb6 Nc8 37. Nxe6+ fxe6 38. Qd4 $16 Kg8 $8 39. e4 $1 Qd8 40. Qb4 Qd6 $2 (40... Nd6 41. exd5 exd5 42. h4 $1) 41. Qxb7 $18 1-0

[Event "Tata Steel-A 74th"]
[Site "Wijk aan Zee"]
[Date "2012.01.28"]
[Round "12"]
[White "Gelfand, Boris"]
[Black "Aronian, Levon"]
[Result "0-1"]
[WhiteElo "2739"]
[BlackElo "2805"]
[Annotator "Marin,Mihail"]
[PlyCount "106"]
[EventDate "2012.01.14"]
[EventType "tourn"]
[EventRounds "13"]
[EventCountry "NED"]
[EventCategory "21"]
[SourceTitle "CBM 147"]
[Source "ChessBase"]
[SourceDate "2012.03.16"]
[SourceVersion "1"]
[SourceVersionDate "2012.03.16"]
[SourceQuality "1"]

1. d4 d5 2. c4 e6 3. Nc3 Be7 {This move order is directed agains the Exchange Variation with g5.} ({After} 3... Nf6 {White cannot transpose to the game variation by delaying f3, since} 4. Bf4 $6 {can be met with} c5 {when} 5. dxc5 $6 Bxc5 {wins a tempo over the normal lines.}) 4. Bf4 Nf6 5. e3 O-O 6. a3 Nbd7 {Black usualy refrains from this, probably fearing White's next move.} 7. Nb5 Ne8 $146 {A natural move, but a novelty in a virtually unknwon position.} 8. Nf3 c6 9. Nc3 f5 10. h3 Nd6 {By this regrouping, Aronian tries to prove that ...e8 was not a loss of time, while b5-c3 definitely was. Still, adopting the Stonewall structure pre-supposes certain strategic risks.} 11. cxd5 exd5 12. Bd3 Nf6 13. Ne5 Nfe4 14. O-O Nf7 15. Qc2 $146 ({RR} 15. Ne2 Nxe5 16. dxe5 Nc5 17. Bc2 Qb6 18. Rb1 Ne6 19. Bh2 a5 20. Kh1 g6 21. Qd2 Rd8 22. f3 Bg5 23. Bg1 Qc7 24. Rbd1 Bh6 25. Qc3 Bg7 26. Bh2 c5 27. g4 fxg4 28. hxg4 b5 29. b4 axb4 {Wojtaszek,R (2734)-Shyam,S (2484) Kolkata 2012 1-0 (64)}) 15... Bd6 {Everything logical. One knight has occupied the e4-square, the other fights against the intruder from e5.} 16. Bh2 Nxe5 17. Bxe5 Bxe5 18. dxe5 {A complex situation. White will not find it easy to prove his bishop better than his opponent's since Black has an active position. The next phase is difficult to annotate since both sides play unexpected moves.} a5 (18... Qe7 $5 19. f4 Be6 20. b4 g5 $5) 19. Na4 b5 $6 (19... Qc7 20. f4 b6) 20. Nc5 $6 (20. Qxc6 $1 Ra6 21. Qxb5 Rg6 {[%cal Gd8g5]} 22. f4 Ba6 23. Qb3 Nd2 24. Qc2 Nxf1 25. Rxf1 Bxd3 26. Qxd3 $16 {with overwhelming compensation for the exchange.}) 20... Qe7 21. Rac1 $6 (21. Nb3 $5) 21... Qxe5 22. f4 Qd6 23. Bxe4 fxe4 {Optically, White has compensation for the sacrificed pawn. The problem is that Black has good attacking chances on the kingside, transforming the supposedly bad bishop into a dangerous piece.} 24. Nb3 Bd7 25. Qc5 Qg6 26. Kh2 h5 27. Nd4 Rac8 28. b4 axb4 29. axb4 h4 30. Ne2 Rf6 31. Ra1 Rcf8 32. Qe7 R8f7 33. Qd8+ Kh7 34. Rg1 Qh6 35. Ra7 Rf8 36. Qc7 R6f7 37. Qe5 Re8 38. Qc3 g5 39. Rf1 Qd6 40. Kg1 Ref8 41. Qc5 Qh6 42. f5 Kg8 43. f6 g4 44. hxg4 h3 45. Nf4 hxg2 46. Kxg2 Qxf6 47. Kg3 Rh7 48. g5 Qxg5+ 49. Kf2 Rxf4+ 50. exf4 Rh2+ 51. Ke3 Qg3+ 52. Kd4 Qg7+ 53. Ke3 Rh3+ 0-1